Batériový priemysel ako dôležitá súčasť zelenej ekonomiky – súčasné a budúce výzvy

Batériový priemysel ako odvetvie ekonomiky. Batériový priemysel a potenciálne výzvy do budúcnosti. Prechod k zelenej mobilite - expanzia elektromobility. Implementácia klimatických cieľov a udržateľných stratégií v sektore dopravy.

Guardado en:
Detalles Bibliográficos
Autor principal: Hojdik, Vladimír, 1992-
Formato: Capítulo de libro
Lenguaje:eslovaco
Materias:
Etiquetas: Agregar Etiqueta
Sin Etiquetas, Sea el primero en etiquetar este registro!

MARC

LEADER 00000naa$a2200000$$$4500
001 0289974
005 20260326123540.5
041 0 |a slo 
044 |a CZ 
245 1 0 |a Batériový priemysel ako dôležitá súčasť zelenej ekonomiky – súčasné a budúce výzvy  |c Vladimír Hojdik 
520 |a Batériový priemysel ako odvetvie ekonomiky. Batériový priemysel a potenciálne výzvy do budúcnosti. Prechod k zelenej mobilite - expanzia elektromobility. Implementácia klimatických cieľov a udržateľných stratégií v sektore dopravy. 
610 2 0 |a ekonomika zelená 
610 2 0 |a elektromobilita 
610 2 0 |a doprava 
610 2 0 |a priemysel 
610 2 0 |a udržateľnosť 
610 2 0 |a prostredie životné 
610 2 0 |a batérie elektrické 
100 1 |a Hojdik, Vladimír, 1992-